000 00543nam a2200205Ia 4500
005 20250326142503.0
008 250326s9999 xx 000 0 und d
020 _a0 566 08097 4
037 _aTextbook
040 _aFMSL
_beng
_cFMSL
041 _aeng
_2eng
084 _aT:3(X:87) N9
_qFMSL
100 _aWeinstein K
_9746135
245 0 _aAction learning : aractical guide
_cWeinstein K
250 _a2
260 _aUSA
_bUSA, Gower
_c1999
300 _a230p
942 _cTB
_hT:3(X:87) N9
999 _c1295259
_d1295259